|
|
|
|
| LEADER |
00000cam a2200000 a 4500 |
| 001 |
vtls001480268 |
| 003 |
SK-MaSNL |
| 005 |
20260301122202.0 |
| 008 |
220509s2004 xo a drp 00000 hun |
| 015 |
|
|
|a SNBA2006/02-00657
|
| 020 |
|
|
|a 8010005762
|
| 035 |
|
|
|a SNK000435566
|
| 035 |
|
|
|a urn:nbn:sk:snk-am3j31t
|
| 035 |
|
|
|a 9610E6C3-2F36-40F7-A862-9C30DEC7A474
|
| 035 |
|
|
|a urn:nbn:sk:snk-am00gh4j
|
| 040 |
|
|
|a SNK
|b slo
|c SNK
|e AACR2
|
| 041 |
1 |
|
|a hun
|h cze
|
| 044 |
|
|
|a xo
|c SK
|
| 072 |
|
7 |
|a 51
|x Matematika
|2 konspekt
|
| 080 |
|
|
|a (075.3)
|2 2011
|
| 080 |
|
|
|a 51
|2 2011
|
| 100 |
1 |
|
|a Odvárko, Oldřich,
|d 1938-
|4 aut
|9 260432
|
| 240 |
1 |
0 |
|a Matematika pro študijní odbory SOŠ a SOU II. část
|l Česky
|
| 245 |
1 |
0 |
|a Matematika a szakközépiskolák és a négyéves szakmunkásképző intézetek
|n 2. rész
|c Oldřich Odvárko, Jana Řepová, Ladislav Skříček ; [fordította Juraj Oláh]
|
| 246 |
1 |
1 |
|a Matematika pre študijné odbory SOŠ a SOU
|
| 250 |
|
|
|a 4. vyd.
|
| 260 |
|
|
|a Bratislava
|b Slovenské pedagogické nakladateľstvo
|c 2004
|
| 300 |
|
|
|a 156 strán
|b ilustrácie
|c 21 cm
|
| 500 |
|
|
|a Tiráž aj slovenská
|
| 500 |
|
|
|a Súbežný názov v slovenčine
|
| 500 |
|
|
|a Pravdepodobne preložené z češtiny
|
| 650 |
0 |
7 |
|a matematika
|2 SNKPH
|9 70174
|
| 655 |
|
7 |
|a učebnice stredných škôl
|2 SNKPH
|9 69323
|
| 700 |
1 |
|
|a Řepová, Jana
|4 aut
|9 42154
|
| 700 |
1 |
|
|a Skříček, Ladislav
|4 aut
|9 46835
|
| 700 |
1 |
|
|a Oláh, Juraj
|4 trl
|9 46052
|
| 919 |
|
|
|a 80-10-00576-2
|
| 958 |
|
|
|a OP
|
| 958 |
|
|
|a OND
|
| 968 |
|
|
|a Mag
|b ČES
|
| 999 |
|
|
|c 732015
|d 733945
|
| 952 |
|
|
|t P60, <03>, [BOOK], {603}, -B-
|a SNK
|b SNK
|y PREZ
|7 0
|p 17A0439827
|o snkSC 117062/2
|i snkKSP 10989/2004
|0 0
|1 0
|4 0
|d 2004-08-19
|f 1
|l 0
|r 2025-10-16 00:00:00
|w 2026-02-23
|
| 952 |
|
|
|t P60, <04>, [BOOK], {604}
|a SNK
|b SNK
|y VYP
|7 0
|p 17A0439821
|o snkSC 117062/2 D1
|i snkKSP 10990/2004
|0 0
|1 0
|4 0
|d 2004-08-19
|l 0
|r 2005-01-02 00:00:00
|w 2026-02-23
|